|
|
|
|
| LEADER |
00816nab a2200229 i 4500 |
| 001 |
publ20615 |
| 005 |
20210211111431.0 |
| 008 |
210211s2021 hu o 0|| zxx d |
| 022 |
|
|
|a 1533-4880
|
| 024 |
7 |
|
|a 10.1166/jnn.2021.18964
|2 doi
|
| 024 |
7 |
|
|a 31832139
|2 mtmt
|
| 040 |
|
|
|a SZTE Publicatio Repozitórium
|b hun
|
| 041 |
|
|
|a zxx
|
| 100 |
1 |
|
|a Szabó Anna
|
| 245 |
1 |
0 |
|a Different Pathways for Synthesis of WO 3 and Vertically Aligned Carbon Nanotube-Based Nanostructures
|h [elektronikus dokumentum] /
|c Szabó Anna
|
| 260 |
|
|
|c 2021
|
| 300 |
|
|
|a 2388-2393
|
| 490 |
0 |
|
|a JOURNAL OF NANOSCIENCE AND NANOTECHNOLOGY
|v 21 No. 4
|
| 700 |
0 |
1 |
|a Kovács Gábor
|e aut
|
| 700 |
0 |
1 |
|a Kovács Anita
|e aut
|
| 700 |
0 |
1 |
|a Hernádi Klára
|e aut
|
| 856 |
4 |
0 |
|u http://publicatio.bibl.u-szeged.hu/20615/1/20JNN-18964-MBaia.pdf
|z Dokumentum-elérés
|